[Event "Michigan Amateur"]
[Site "Kalamazoo, MI"]
[Date "2002.10.19"]
[Round "3.7"]
[White "Dunlap, Robert"]
[Black "Aldrich, Jeff"]
[Result "0-1"]
[WhiteElo "1629"]
[BlackElo "1921"]
[PlyCount "68"]
[EventDate "2002.10.19"]

1. Nf3 d5 2. d4 Nf6 3. c4 c6 4. Nc3 e6 5. Bg5 dxc4 6. e4 b5 7. a4 Bb4 8. e5 h6
9. Bh4 g5 10. Nxg5 hxg5 11. Bxg5 Nbd7 12. Bxf6 Nxf6 13. exf6 Qxf6 14. axb5 cxb5
15. Qf3 Qxf3 16. gxf3 Bb7 17. Be2 Rh3 18. Rg1 Ke7 19. O-O-O Bxc3 20. bxc3 Bxf3
21. Bxf3 Rxf3 22. Rg3 Rxf2 23. Rd2 Rxd2 24. Kxd2 Rh8 25. h3 Rh5 26. Rg8 Rxh3
27. Rb8 a6 28. Kc2 Rh2+ 29. Kb1 f5 30. Rb7+ Kf6 31. Rb6 f4 32. Kc1 f3 33. Kd1
Re2 34. d5 Re5 0-1

[Event "Michigan Amateur"]
[Site "Kalamazoo, MI"]
[Date "2002.10.19"]
[Round "1.16"]
[White "Dorrington, Eldon"]
[Black "Wohlgamuth, Nathan"]
[Result "1-0"]
[WhiteElo "1661"]
[BlackElo "742"]
[PlyCount "60"]
[EventDate "2002.10.19"]

1. c4 d5 2. cxd5 Qxd5 3. Nc3 Qd7 4. Nf3 g6 5. e3 Bg7 6. Qb3 Nf6 7. Bb5 c6 8.
Bc4 O-O 9. O-O b5 10. Be2 Qg4 11. d4 Be6 12. Qd1 Bd5 13. Nxd5 Nxd5 14. Bd2 a5
15. Rc1 a4 16. a3 Re8 17. Ne5 Bxe5 18. Bxg4 Bg7 19. e4 Nb6 20. Bf4 h5 21. Be2
e5 22. Bxe5 Bxe5 23. dxe5 Rxe5 24. Qd8+ Kg7 25. Qxb6 Nd7 26. Qxc6 Re7 27. Bxb5
Nf6 28. f3 Rb8 29. Bxa4 Rd7 30. b4 Rbd8 1-0

[Event "Michigan Amateur"]
[Site "Kalamazoo, MI"]
[Date "2002.10.19"]
[Round "3.1"]
[White "Dorrington, Eldon"]
[Black "Armstead, Curt"]
[Result "0-1"]
[WhiteElo "1661"]
[BlackElo "1866"]
[PlyCount "60"]
[EventDate "2002.10.19"]

1. c4 Nf6 2. Nc3 d5 3. cxd5 Nxd5 4. g3 g6 5. Bg2 Nb6 6. Nf3 Bg7 7. O-O O-O 8.
d3 Nc6 9. Be3 e5 10. Bxb6 axb6 11. a3 Be6 12. Qc2 Qe7 13. Rfc1 f5 14. e3 Rad8
15. Ne2 Rd7 16. Nd2 Nd8 17. Rd1 Bf7 18. Rac1 c6 19. Nc4 Bxc4 20. Qxc4+ Qe6 21.
Qb4 b5 22. d4 Rff7 23. dxe5 Qxe5 24. Nc3 Ne6 25. Qa5 Bf8 26. a4 Nc5 27. Qa8 b4
28. Ne2 Nd3 29. Rc2 Nxb2 30. Rcd2 Nxd1 0-1

[Event "Michigan Amateur"]
[Site "Kalamazoo, MI"]
[Date "2002.10.19"]
[Round "2.18"]
[White "Crane, John"]
[Black "Avery, Jim"]
[Result "0-1"]
[WhiteElo "1305"]
[BlackElo "744"]
[PlyCount "54"]
[EventDate "2002.10.19"]

1. d4 e6 2. Nf3 Nf6 3. e3 d5 4. Bd3 Nc6 5. c3 Bd6 6. Nbd2 O-O 7. Qe2 h6 8. h4
e5 9. dxe5 Nxe5 10. Bc2 Bg4 11. b3 c6 12. Bb2 Nfd7 13. O-O-O Qa5 14. Kb1 Rfe8
15. Qf1 Ba3 16. Re1 Bxb2 17. Kxb2 Nc5 18. Nd4 Qa6 19. Nf5 Ncd3+ 20. Bxd3 Nxd3+
21. Kc2 Nxe1+ 22. Qxe1 Qxa2+ 23. Kd3 Bxf5+ 24. Ke2 c5 25. Kf1 d4 26. Kg1 dxc3
27. Nf3 Qxb3 0-1

[Event "Michigan Amateur"]
[Site "Kalamazoo, MI"]
[Date "2002.10.19"]
[Round "2.21"]
[White "Carter, Michael"]
[Black "Thach, Scott"]
[Result "0-1"]
[WhiteElo "627"]
[BlackElo "1204"]
[PlyCount "64"]
[EventDate "2002.10.19"]

1. d4 e6 2. c4 b6 3. Nc3 Bb7 4. Nf3 Bb4 5. e3 Bxc3+ 6. bxc3 Ne7 7. Be2 O-O 8.
O-O d6 9. e4 Bxe4 10. Bd3 Bb7 11. Bg5 h6 12. Bxe7 Qxe7 13. Re1 Rd8 14. d5 Na6
15. Qd2 Nc5 16. Qe2 Nxd3 17. Qxd3 Qd7 18. dxe6 fxe6 19. Qe3 e5 20. Rad1 Qe6 21.
Qd3 Rf8 22. Re2 Rf6 23. Rdd2 Raf8 24. g3 Rxf3 25. Re3 Qh3 26. Rxf3 Bxf3 27.
Qxf3 Rxf3 28. Rd1 Rxc3 29. Rf1 Rxc4 30. f4 Rc2 31. Rf2 Rc1+ 32. Rf1 Rxf1# 0-1

[Event "Michigan Amateur"]
[Site "Kalamazoo, MI"]
[Date "2002.10.19"]
[Round "1.13"]
[White "Carter, Ashley"]
[Black "Blaine, Roger"]
[Result "0-1"]
[WhiteElo "937"]
[BlackElo "1710"]
[PlyCount "96"]
[EventDate "2002.10.19"]

1. d4 f5 2. c4 e6 3. Nc3 Nf6 4. e3 Bb4 5. Qc2 b6 6. Nf3 Bb7 7. Be2 Ne4 8. Bd2
Bxc3 9. Bxc3 O-O 10. O-O Qe8 11. b4 d6 12. b5 Nd7 13. Nd2 g5 14. h3 Qg6 15. f3
Ng3 16. Rfe1 Nf6 17. Kf2 h5 18. Rac1 h4 19. a4 a5 20. Nf1 Ngh5 21. f4 gxf4 22.
Bxh5 Qxh5 23. exf4 Ne4+ 24. Kg1 Qg6 25. Ne3 Qg3 26. Re2 Qxf4 27. Nf1 Kh7 28.
Qd1 Rg8 29. Rcc2 Ng5 30. Nd2 Nxh3+ 31. Kh1 Nf2+ 32. Rxf2 Qh6 33. Nf3 Rg3 34.
Kh2 Rag8 35. d5 h3 36. Kg1 hxg2 37. Rxg2 Qh3 38. Ne1 e5 39. Bb2 R8g4 40. Rxg3
Qxg3+ 41. Rg2 Qe3+ 42. Kf1 Rf4+ 43. Nf3 Rxf3+ 44. Qxf3 Qxf3+ 45. Kg1 Bc8 46.
Kh2 f4 47. Kg1 Bh3 48. Rh2 Qf1# 0-1

[Event "Michigan Amateur"]
[Site "Kalamazoo, MI"]
[Date "2002.10.19"]
[Round "2.12"]
[White "Blaine, Roger"]
[Black "Whatling, David"]
[Result "1-0"]
[WhiteElo "1710"]
[BlackElo "1341"]
[Annotator "Tim McGrew"]
[PlyCount "59"]
[EventDate "2002.10.19"]

{Bird: Dutch} 1. f4 d5 2. Nf3 Nf6 3. b3 e6 ({This cannot be bad, but I suspect
that the more fluid} 3... Bg4 {may be a simpler way to handle the position.})
4. Bb2 Be7 5. e3 O-O 6. Be2 Nc6 {Though this is apparently a good developing
move, it limits Black's ability to unfold his position. If you don't see why,
ask yourself how he is going to contest White's control of dark squares in the
center. It is better, as Lasker pointed out in his marvelous little book
Common Sense in Chess, to play ...c5 first in these positions and only then ...
Nc6.} 7. O-O Bd7 8. Qe1 h6 {The congestion in the Black position is palpable;
he has nothing constructive to do. Meanwhile, White rearranges his pawns,
rolling forward slowly.} 9. d3 Nh7 10. e4 Re8 11. Qg3 Bf8 12. e5 Ne7 13. d4 Nf5
14. Qf2 f6 15. g4 Ne7 16. Bd3 f5 17. Nh4 g5 {Tarrasch loved to call this "the
suicide move." You can argue that White has played it too, but White at least
has more space on the side of the board where he is playing.} (17... fxg4 {is
clearly better. Perhaps Black can blockade on f5 in a pinch.}) 18. fxg5 hxg5
19. gxf5 $1 gxh4 20. f6 $5 ({After} 20. fxe6 $1 Bxe6 21. Qxh4 {The Nh7 has
nowhere to go.}) 20... Nf5 21. Qg2+ Kf7 22. Qg4 Bh6 $2 ({It was high time to
give back the piece with} 22... Nxf6 23. exf6 Qxf6 {Black's king is still more
exposed than he might wish, but at least he has broken the stranglehold of
those pawns.}) 23. Qh5+ $1 Kf8 24. Bxf5 Be3+ 25. Kh1 exf5 26. Qxh7 {Now that
White has regained the sacrificed piece, the attack is overwhelming.} Re7 27.
Ba3 Bg5 28. Bxe7+ (28. f7 $1 {with mate next move on g8 is an amusing finish.})
28... Qxe7 29. Qxe7+ Kg8 30. Qg7# 1-0

[Event "Michigan Amateur"]
[Site "Kalamazoo, MI"]
[Date "2002.10.19"]
[Round "3.21"]
[White "Avery, Jim"]
[Black "Vinton, Troy"]
[Result "0-1"]
[WhiteElo "744"]
[BlackElo "1103"]
[PlyCount "86"]
[EventDate "2002.10.19"]

1. e4 c6 2. Nf3 d5 3. exd5 cxd5 4. d4 a6 5. Bd3 Nc6 6. Be3 e6 7. O-O Bd6 8.
Nbd2 Nf6 9. Qe2 h6 10. c4 b6 11. cxd5 Nxd5 12. Be4 Nce7 13. Nc4 Bc7 14. Nfe5
Bb7 15. Qf3 O-O 16. Qh5 Nf6 17. Qh4 Bxe4 18. Rac1 b5 19. Nd2 Bb7 20. Qg3 Nd7
21. Nxd7 Qxd7 22. Rxc7 Nf5 23. Rxd7 Nxg3 24. fxg3 Bd5 25. b3 Rac8 26. Rd6 Rc3
27. Re1 Ra8 28. Nb1 Rc2 29. Rc1 Rxg2+ 30. Kf1 Rxa2 31. h4 Bxb3 32. Ke1 Bc4 33.
Nc3 Rg2 34. Ne4 Re2+ 35. Kd1 Rxe3 36. Nd2 Be2+ 37. Ke1 Bg4+ 38. Kf2 Re2+ 39.
Kf1 Rxd2 40. Ke1 Re2+ 41. Kd1 a5 42. Rb6 a4 43. Rxb5 Rb2+ 0-1

[Event "Michigan Amateur"]
[Site "Kalamazoo, MI"]
[Date "2002.10.19"]
[Round "1.15"]
[White "Avery, James"]
[Black "Franklin, Stanley"]
[Result "0-1"]
[WhiteElo "744"]
[BlackElo "1663"]
[PlyCount "60"]
[EventDate "2002.10.19"]

1. e4 c5 2. Nf3 Nc6 3. Bb5 a6 4. Bxc6 dxc6 5. O-O Bg4 6. d3 Qc7 7. h3 Bh5 8.
Be3 e5 9. Nbd2 O-O-O 10. g4 Bg6 11. Ng5 h6 12. Ngf3 Be7 13. Nc4 f6 14. h4 b5
15. Ncd2 Qd7 16. Nh2 h5 17. g5 fxg5 18. hxg5 h4 19. Qg4 Bh5 20. Qxh4 g6 21. Nb3
Nh6 22. Nxc5 Bxc5 23. Bxc5 Nf7 24. f4 Be2 25. Qf2 Bxf1 26. Qxf1 Rh3 27. fxe5
Nxe5 28. Qf6 Rxh2 29. Qxe5 Rdh8 30. Rf1 Qg4+ 0-1

[Event "Michigan Amateur"]
[Site "Kalamazoo, MI"]
[Date "2002.10.19"]
[Round "2.16"]
[White "Avery, Bill"]
[Black "Semerciyan, Mike"]
[Result "1-0"]
[WhiteElo "1658"]
[BlackElo "1814"]
[PlyCount "85"]
[EventDate "2002.10.19"]

1. d4 d5 2. Nf3 Nf6 3. Bg5 Ne4 4. Bf4 c6 5. c3 Qb6 6. Qb3 Nd7 7. Nbd2 Nxd2 8.
Nxd2 Nf6 9. h3 Qxb3 10. axb3 Bf5 11. e3 h6 12. c4 e6 13. c5 Be7 14. b4 O-O 15.
Be2 a6 16. Nb3 Rad8 17. Na5 Rd7 18. O-O g5 19. Be5 Ne8 20. Nxc6 bxc6 21. Rxa6
f6 22. Bh2 Ng7 23. Rxc6 Ra7 24. b5 Rfa8 25. b6 Rb7 26. Rc7 Rxc7 27. Bxc7 e5 28.
b7 Rf8 29. b8=Q Rxb8 30. Bxb8 exd4 31. exd4 Ne6 32. Rd1 Nf4 33. Bf3 Be6 34. b4
h5 35. Kf1 g4 36. hxg4 hxg4 37. Be2 Nxe2 38. Kxe2 Bd7 39. Ra1 f5 40. Bc7 Bb5+
41. Ke3 Kf7 42. Ra5 Be8 43. b5 {Remainder illegible} 1-0

[Event "Michigan Amateur"]
[Site "Kalamazoo, MI"]
[Date "2002.10.19"]
[Round "3.13"]
[White "Ashley, Carter"]
[Black "Hodge, Larry"]
[Result "1-0"]
[WhiteElo "937"]
[BlackElo "1490"]
[PlyCount "57"]
[EventDate "2002.10.19"]

1. d4 d5 2. c4 e6 3. Nc3 Nf6 4. b3 Bb4 5. Bb2 O-O 6. e3 Nbd7 7. Nf3 c6 8. Be2
Re8 9. O-O b6 10. Qc2 Bd6 11. a3 c5 12. cxd5 Nxd5 13. dxc5 Bxc5 14. Nxd5 exd5
15. Rfd1 Bb7 16. Qd2 Nf6 17. Rac1 Rc8 18. b4 Bf8 19. Rxc8 Bxc8 20. Bc4 Be6 21.
Bxf6 Qxf6 22. Bxd5 Rd8 23. e4 Bxd5 24. exd5 Bd6 25. Qg5 Qxg5 26. Nxg5 Re8 27.
f3 Re3 28. Ne4 Be5 29. d6 1-0

[Event "Michigan Amateur"]
[Site "Kalamazoo, MI"]
[Date "2002.10.19"]
[Round "2.7"]
[White "Armstead, Curt"]
[Black "Hershberger, Kent"]
[Result "1-0"]
[WhiteElo "1866"]
[BlackElo "1508"]
[PlyCount "89"]
[EventDate "2002.10.19"]

1. d4 Nf6 2. c4 e6 3. g3 Bb4+ 4. Bd2 Bxd2+ 5. Nxd2 Nc6 6. Ngf3 O-O 7. Bg2 d5 8.
O-O Qd6 9. Rc1 Rd8 10. a3 dxc4 11. Nxc4 Qd7 12. Qc2 Nd5 13. Rfd1 Qe7 14. e4 Nb6
15. b4 a6 16. Nce5 Nxe5 17. Nxe5 c6 18. Qc5 Qc7 19. f4 Nd7 20. Qc2 Nxe5 21.
fxe5 Qb6 22. Qf2 a5 23. Rb1 axb4 24. Rxb4 Qa5 25. Rb3 Qa4 26. Rbd3 b6 27. d5
Ba6 28. Rd4 Qxa3 29. dxe6 Rxd4 30. exf7+ Kf8 31. Qxd4 Qc5 32. Qxc5+ bxc5 33. e6
Ke7 34. Bh3 Bb7 35. Rd7+ Kf8 36. Rxb7 c4 37. Rb1 c3 38. Rc1 Ra3 39. Rc2 c5 40.
Kf2 Rb3 41. Ke3 Rb2 42. Rxc3 Rxh2 43. Rxc5 Rxh3 44. Rc8+ Ke7 45. f8=Q+ 1-0

[Event "Michigan Amateur"]
[Site "Kalamazoo, MI"]
[Date "2002.10.19"]
[Round "3.22"]
[White "Almasy, Roy"]
[Black "Semerciyan, Mike"]
[Result "0-1"]
[WhiteElo "1333"]
[BlackElo "1814"]
[PlyCount "130"]
[EventDate "2002.10.19"]

1. e4 e6 2. Nf3 d5 3. exd5 exd5 4. d4 Nf6 5. Bd3 Be7 6. O-O O-O 7. Nc3 a6 8. h3
c5 9. dxc5 Bxc5 10. Bg5 Be6 11. Be2 Be7 12. Re1 Nc6 13. Nh2 Nd7 14. Bf4 g6 15.
Bh6 Re8 16. Ng4 Bg5 17. Bf1 Bxh6 18. Nxh6+ Kg7 19. Ng4 h5 20. Nh2 Nf6 21. Bd3
Qd7 22. Nf3 Bf5 23. Bxf5 Rxe1+ 24. Qxe1 Qxf5 25. Qd2 Rd8 26. Nh4 Qd7 27. Rd1
Qc7 28. Qg5 Qe5 29. f4 Qxg5 30. fxg5 Ne4 31. Nxe4 dxe4 32. Rxd8 Nxd8 33. Kf2
Ne6 34. g4 hxg4 35. hxg4 Nxg5 36. Ke3 f6 37. c4 Kf7 38. b4 b6 39. Kd4 Nf3+ 40.
Nxf3 exf3 41. Ke3 f2 42. Kxf2 Ke6 43. Kf3 Ke5 44. a4 Kd4 45. c5 bxc5 46. b5
axb5 47. a5 Kd5 48. Ke3 b4 49. Kd3 Kc6 50. Kc4 f5 51. gxf5 gxf5 52. Kb3 Kb5 53.
a6 Kxa6 54. Kc4 f4 55. Kxc5 f3 56. Kxb4 f2 57. Kc4 f1=Q+ 58. Kd4 Qe2 59. Kd5
Kb5 60. Kd4 Qe6 61. Kd3 Kc5 62. Kd2 Kc4 63. Kc2 Qe2+ 64. Kb1 Kb3 65. Kc1 Qc2#
0-1

[Event "Michigan Amateur"]
[Site "Kalamazoo, MI"]
[Date "2002.10.19"]
[Round "2.2"]
[White "Aldrich, Justin"]
[Black "Vandivier, Don"]
[Result "1/2-1/2"]
[WhiteElo "1631"]
[BlackElo "1945"]
[PlyCount "117"]
[EventDate "2002.10.19"]

1. e4 c5 2. Nf3 e6 3. c3 Nf6 4. d3 Nc6 5. Nbd2 Qc7 6. Be2 d5 7. exd5 exd5 8.
O-O Bd6 9. Nb3 O-O 10. Bg5 Ng4 11. h3 Nge5 12. d4 Nxf3+ 13. Bxf3 c4 14. Nd2 Be6
15. Re1 h6 16. Be3 Qd7 17. Nf1 f5 18. Qe2 Rae8 19. Bh5 Bf7 20. Bxf7+ Qxf7 21.
Qf3 Re4 22. Bd2 Qe6 23. Ng3 Bxg3 24. Qxg3 f4 25. Qf3 g5 26. Qg4 Qxg4 27. hxg4
Rfe8 28. Kf1 Kf7 29. f3 Rxe1+ 30. Rxe1 Rxe1+ 31. Kxe1 Nb8 32. Kf2 Nd7 33. b3 b5
34. g3 fxg3+ 35. Kxg3 cxb3 36. axb3 a5 37. c4 dxc4 38. bxc4 bxc4 39. Bxa5 Ke6
40. f4 gxf4+ 41. Kxf4 Kd5 42. Bc3 Nf6 43. Kf5 Ne4 44. Bb2 Nf2 45. g5 hxg5 46.
Kxg5 Nd1 47. Ba1 Ne3 48. Kf4 Nc2 49. Bc3 Nxd4 50. Ke3 Nc6 51. Kd2 Kc5 52. Ba1
Kb4 53. Kc2 Na7 54. Bc3+ Kc5 55. Bd2 Nb5 56. Be1 Kd4 57. Bf2+ Ke4 58. Be1 Ke3
59. Bb4 1/2-1/2

[Event "Michigan Amateur"]
[Site "Kalamazoo, MI"]
[Date "2002.10.20"]
[Round "4.26"]
[White "Wohlgamuth, Nathan"]
[Black "Tyle, Sujay"]
[Result "1-0"]
[WhiteElo "742"]
[BlackElo "999"]
[PlyCount "46"]
[EventDate "2002.10.19"]

1. d4 d5 2. Nf3 Nc6 3. c3 Bf5 4. e3 e6 5. Be2 Bg4 6. Nbd2 Nf6 7. h3 Bxf3 8.
Nxf3 Bd6 9. O-O O-O 10. Bd3 Ne4 11. Qc2 e5 12. Bxe4 dxe4 13. Qxe4 exd4 14. exd4
Re8 15. Qd3 Na5 16. Be3 c6 17. b4 b6 18. bxa5 bxa5 19. Ng5 Bc5 20. Qxh7+ Kf8
21. dxc5 f6 22. Rad1 Qb8 23. Nf3 Rd8 1-0

[Event "Michigan Amateur"]
[Site "Kalamazoo, MI"]
[Date "2002.10.20"]
[Round "5.12"]
[White "Vinton, Troy"]
[Black "Franklin, Stan"]
[Result "0-1"]
[WhiteElo "1103"]
[BlackElo "1663"]
[PlyCount "94"]
[EventDate "2002.10.19"]

1. e4 c5 2. Bc4 g6 3. Nf3 Bg7 4. d3 Nc6 5. Nc3 e6 6. Be3 d6 7. O-O a6 8. a4 Na5
9. Re1 Ne7 10. Ne2 Bxb2 11. Rb1 Bg7 12. Ba2 O-O 13. d4 c4 14. d5 Qd7 15. c3 b5
16. Qd2 bxa4 17. Bd4 e5 18. Be3 Nb3 19. Bxb3 axb3 20. Bh6 f6 21. h4 Qg4 22. Ng3
a5 23. Bxg7 Kxg7 24. Qe2 Ba6 25. Nf1 a4 26. N1h2 Qd7 27. g4 h6 28. Qe3 Qa7 29.
Qd2 a3 30. Re2 Rfb8 31. g5 a2 32. gxf6+ Kh7 33. Rbe1 Ng8 34. Ng4 b2 35. Nxh6
Nxf6 36. Nf7 Qxf7 37. Ng5+ Kg7 38. Nxf7 Kxf7 39. Qh6 b1=Q 40. f3 Qxe1+ 41. Rxe1
Rb1 42. Qe3 a1=Q 43. Kf2 Bc8 44. Rxb1 Qxb1 45. Qe1 Ra2+ 46. Kf1 Bh3+ 47. Kg1
Qxe1# 0-1

[Event "Michigan Amateur"]
[Site "Kalamazoo, MI"]
[Date "2002.10.20"]
[Round "4.9"]
[White "Vinton, Troy"]
[Black "Dorrington, Eldon"]
[Result "1/2-1/2"]
[WhiteElo "1103"]
[BlackElo "1661"]
[PlyCount "93"]
[EventDate "2002.10.19"]

1. e4 g6 2. d4 Bg7 3. e5 d6 4. f4 dxe5 5. fxe5 c6 6. c3 Nd7 7. Nf3 Nb6 8. a4
Bg4 9. Be2 e6 10. O-O Bxf3 11. Bxf3 Ne7 12. Bg5 O-O 13. Bf6 Qc7 14. h4 Ned5 15.
Bxd5 Nxd5 16. Qd2 Nxf6 17. exf6 Bh8 18. Qh6 Rad8 19. Nd2 Rd5 20. Ne4 Rh5 21.
Qf4 Qxf4 22. Rxf4 Rf5 23. Raf1 Rd8 24. g4 Rxf4 25. Rxf4 Rd5 26. b4 b6 27. Ng3
c5 28. bxc5 bxc5 29. c4 Rd8 30. dxc5 e5 31. Rf1 Bxf6 32. Rxf6 Rd4 33. c6 Rxg4
34. Kf2 Rxc4 35. Kf3 Kf8 36. Ne4 Ke7 37. Rd6 f5 38. Rd7+ Kf8 39. Rd8+ Ke7 40.
Re8+ Kxe8 41. Nd6+ Kd8 42. Nxc4 e4+ 43. Kf4 Kc7 44. Ne5 Kd6 45. a5 a6 46. Ke3
Kc7 47. Kf4 1/2-1/2

[Event "Michigan Amateur"]
[Site "Kalamazoo, MI"]
[Date "2002.10.20"]
[Round "5.21"]
[White "Tyle, Sheel"]
[Black "Dunlap, Robert"]
[Result "0-1"]
[WhiteElo "781"]
[BlackElo "1629"]
[PlyCount "114"]
[EventDate "2002.10.19"]

1. e4 c5 2. Nf3 d6 3. Bc4 e6 4. d4 cxd4 5. Nxd4 Nc6 6. Nxc6 bxc6 7. Nc3 Nf6 8.
e5 dxe5 9. Qxd8+ Kxd8 10. Bg5 Bb4 11. O-O Bxc3 12. bxc3 Ke7 13. Rfe1 h6 14.
Bxf6+ gxf6 15. Bd3 Rb8 16. Rab1 Rxb1 17. Rxb1 f5 18. Rb8 Rd8 19. f3 Bd7 20. Rb7
Ra8 21. g4 fxg4 22. fxg4 Kd8 23. h4 a5 24. h5 Kc8 25. Rb1 Kc7 26. Kf2 f5 27. g5
hxg5 28. Rh1 Rh8 29. h6 e4 30. Be2 Be8 31. Bc4 Kd6 32. Ke3 Ke5 33. h7 f4+ 34.
Kf2 g4 35. Rh4 Kf5 36. Bxe6+ Kxe6 37. Rxg4 e3+ 38. Ke1 Rxh7 39. Rxf4 Ke5 40.
Rf3 Ke4 41. Rf6 Rh1+ 42. Rf1 Rxf1+ 43. Kxf1 Bf7 44. a3 Ba2 45. Ke1 a4 46. Kd1
Kf3 47. Ke1 Bc4 48. Kd1 Kf2 49. Kc1 e2 50. Kb2 Ke3 51. Kc1 e1=Q+ 52. Kb2 Bb5
53. Ka2 Qxc3 54. Kb1 Kd2 55. Ka2 Qxc2+ 56. Ka1 Qc1+ 57. Ka2 Bc4# 0-1

[Event "Michigan Amateur"]
[Site "Kalamazoo, MI"]
[Date "2002.10.20"]
[Round "5.8"]
[White "Thach, Scott"]
[Black "Aldrich, Jeff"]
[Result "0-1"]
[WhiteElo "1204"]
[BlackElo "1921"]
[PlyCount "126"]
[EventDate "2002.10.19"]

1. e4 c6 2. d4 d5 3. e5 Bf5 4. Bd3 Bxd3 5. Qxd3 e6 6. Nd2 Ne7 7. Ngf3 Nd7 8.
O-O c5 9. dxc5 Nc6 10. Nb3 Ndxe5 11. Nxe5 Nxe5 12. Qc3 Nc6 13. Be3 Rc8 14. Nd4
Qa5 15. Qxa5 Nxa5 16. b4 Nc4 17. Rfe1 Kd7 18. a4 a5 19. c3 Be7 20. Nb5 Ra8 21.
Ra2 Rhc8 22. Bd4 f6 23. f4 Rc6 24. g4 axb4 25. cxb4 b6 26. cxb6 Nxb6 27. a5 Nc8
28. Rea1 Bxb4 29. a6 Bc5 30. Bxc5 Rxc5 31. Ra5 Na7 32. Nd4 Rxa5 33. Rxa5 Nc6
34. Nxc6 Kxc6 35. Ra2 Kb6 36. Re2 Re8 37. f5 e5 38. Ra2 Ra8 39. Kf2 Rxa6 40.
Rc2 Ra7 41. Rc8 Rc7 42. Rh8 h6 43. Rd8 d4 44. h4 Kc6 45. Ke2 Rd7 46. Rc8+ Kd5
47. Kd3 e4+ 48. Kd2 Ke5 49. Rc1 Ra7 50. Rc5+ Kf4 51. Rc4 Ra2+ 52. Ke1 Ke3 53.
Kf1 d3 54. Rc1 d2 55. Rd1 Rc2 56. Kg2 Rc1 57. Rxd2 Kxd2 58. g5 hxg5 59. h5 Ke2
60. h6 gxh6 61. Kh3 Kf3 62. Kh2 Ra1 63. Kh3 Rh1# 0-1

[Event "Michigan Amateur"]
[Site "Kalamazoo, MI"]
[Date "2002.10.20"]
[Round "5.7"]
[White "Talreja, Milan"]
[Black "Blaine, Roger"]
[Result "1/2-1/2"]
[WhiteElo "1574"]
[BlackElo "1710"]
[PlyCount "74"]
[EventDate "2002.10.19"]

1. d4 e6 2. e3 f5 3. f4 Nf6 4. Nf3 Ne4 5. Nbd2 Qf6 6. Bd3 d5 7. c4 Nd7 8. c5 c6
9. O-O Be7 10. Ne5 Qh6 11. Rf3 Nxe5 12. fxe5 g5 13. Rh3 Qg6 14. Qh5 Qxh5 15.
Rxh5 Bd7 16. Bxe4 fxe4 17. g4 O-O 18. Rh3 Rf7 19. Rg3 Raf8 20. Rg2 Be8 21. b4
h5 22. h3 hxg4 23. hxg4 Rh7 24. Rh2 Rh4 25. Rg2 Kg7 26. Bb2 Rh3 27. Re1 Rfh8
28. Kf2 Bd8 29. a4 a5 30. Bc3 axb4 31. Bxb4 Bd7 32. a5 Bc7 33. Bc3 Rf8+ 34. Ke2
Ra8 35. Ra1 Rhh8 36. Rf2 Rhf8 37. Rxf8 Kxf8 1/2-1/2

[Event "Michigan Amateur"]
[Site "Kalamazoo, MI"]
[Date "2002.10.20"]
[Round "4.4"]
[White "Skidmore, Mike"]
[Black "LaForge, Tom"]
[Result "1/2-1/2"]
[WhiteElo "1857"]
[BlackElo "1916"]
[PlyCount "77"]
[EventDate "2002.10.19"]

1. e4 e6 2. d4 d5 3. exd5 exd5 4. Bd3 Nc6 5. Qe2+ Be7 6. Nf3 Bg4 7. c3 Qd7 8.
Nbd2 O-O-O 9. Nf1 Re8 10. Ne3 Bd6 11. h3 Be6 12. Ng5 Nf6 13. Nxe6 fxe6 14. O-O
g5 15. Ng4 Qg7 16. Nxf6 Qxf6 17. Qg4 Bf4 18. Bxf4 gxf4 19. Qh5 Ne7 20. Qf3 Ng6
21. Bxg6 hxg6 22. Kh2 e5 23. dxe5 Rxe5 24. Rae1 Qe6 25. Rd1 Rg5 26. Rg1 Qe4 27.
Qxe4 dxe4 28. Rd4 Re8 29. Re1 Rge5 30. g3 f3 31. g4 e3 32. fxe3 Rxe3 33. Rxe3
Rxe3 34. Kg3 f2+ 35. Kxf2 Rxh3 36. Kg2 Re3 37. Rd2 c5 38. Rf2 c4 39. Rf8+ {
Remainder illegible, 58?} 1/2-1/2

[Event "Michigan Amateur"]
[Site "Kalamazoo, MI"]
[Date "2002.10.20"]
[Round "5.6"]
[White "Skidmore, Jennifer"]
[Black "Whatling, David"]
[Result "1-0"]
[WhiteElo "1845"]
[BlackElo "1341"]
[PlyCount "55"]
[EventDate "2002.10.19"]

1. e4 c5 2. Nc3 d6 3. Bb5+ Bd7 4. Bxd7+ Nxd7 5. f4 g6 6. Nf3 Bg7 7. O-O e6 8.
Qe1 Ne7 9. Nb5 Qb6 10. c4 a6 11. Nc3 O-O 12. Qh4 f6 13. d3 Nc6 14. Qh3 Rfe8 15.
f5 exf5 16. exf5 g5 17. Bxg5 Nde5 18. Bxf6 Bxf6 19. Nd5 Qd8 20. Qh6 Bg7 21. Qh5
Nxf3+ 22. Rxf3 Nd4 23. Rh3 Nc2 24. Qxh7+ Kf8 25. f6 Bxf6 26. Qh6+ Bg7 27. Rf1+
Kg8 28. Qh7# 1-0

[Event "Michigan Amateur"]
[Site "Kalamazoo, MI"]
[Date "2002.10.20"]
[Round "5.19"]
[White "Semerciyan, Sebuh"]
[Black "McGrew, Bethel"]
[Result "1/2-1/2"]
[WhiteElo "1273"]
[BlackElo "996"]
[PlyCount "66"]
[EventDate "2002.10.19"]

1. e4 e5 2. Nf3 d5 3. c3 Nc6 4. Bb5 Bd6 5. exd5 a6 6. Bxc6+ bxc6 7. dxc6 Nf6 8.
d4 e4 9. Qe2 Qe7 10. Ne5 Bxe5 11. dxe5 Qxe5 12. Be3 Bf5 13. Nd2 O-O 14. Bd4 Qe6
15. O-O Rfe8 16. Rfe1 Qxc6 17. h3 h6 18. Nc4 Rad8 19. a4 Nd5 20. Ne5 Qe6 21. g4
Bh7 22. Ra3 Qd6 23. Nd3 Nf4 24. Nxf4 Qxf4 25. Be3 Qd6 26. g5 hxg5 27. Kh1 Re5
28. Rg1 Qh6 29. Kh2 Bf5 30. Rg3 f6 31. Qc4+ Kf8 32. Qxc7 Rde8 33. Rb3 Qh4
1/2-1/2

[Event "Michigan Amateur"]
[Site "Kalamazoo, MI"]
[Date "2002.10.20"]
[Round "4.14"]
[White "Semerciyan, Mike"]
[Black "Carter, Ashley"]
[Result "1-0"]
[WhiteElo "1814"]
[BlackElo "937"]
[PlyCount "101"]
[EventDate "2002.10.19"]

1. Nf3 d6 2. d4 Nf6 3. c4 e6 4. Nc3 c6 5. e4 Be7 6. Bd3 c5 7. dxc5 dxc5 8. e5
Nfd7 9. Be4 a6 10. Bf4 Qc7 11. Bg3 Nc6 12. Bxc6 Qxc6 13. O-O O-O 14. Re1 Rd8
15. Qe2 b5 16. cxb5 axb5 17. Qxb5 Qxb5 18. Nxb5 Rb8 19. a4 Ba6 20. Nc7 Bb7 21.
Red1 Bc6 22. Rd2 Rb7 23. Nb5 Bxb5 24. axb5 Rdb8 25. Rad1 Nf8 26. Rc2 Rxb5 27.
Rdd2 Ra8 28. h4 h5 29. Bf4 Rb4 30. g3 Ra2 31. Be3 Ng6 32. Kg2 c4 33. Bd4 Nf8
34. Bc3 Rb3 35. Nd4 Rb7 36. Nc6 Bc5 37. Rd8 g6 38. Rc8 Ba3 39. Ra8 Rc7 40. Nd8
Rd7 41. Nc6 Rc7 42. Nd4 Rc5 43. Nf3 Kg7 44. Rxa3 Rxa3 45. bxa3 Nd7 46. Ng5 Nxe5
47. f4 f6 48. Nxe6+ Kf7 49. Nxc5 Ng4 50. Kf3 Nh2+ 51. Rxh2 1-0

[Event "Michigan Amateur"]
[Site "Kalamazoo, MI"]
[Date "2002.10.20"]
[Round "4.18"]
[White "Schooley, Benjamin"]
[Black "Hodge, Larry"]
[Result "1-0"]
[WhiteElo "1157"]
[BlackElo "1490"]
[PlyCount "79"]
[EventDate "2002.10.19"]

1. e4 e5 2. Nf3 Nc6 3. c3 d5 4. Bb5 dxe4 5. Nxe5 Bd7 6. Nxd7 Qxd7 7. O-O Be7 8.
f3 a6 9. Ba4 Nf6 10. fxe4 Nxe4 11. d4 b5 12. Bb3 Nf6 13. Bg5 O-O 14. Nd2 Rad8
15. Nf3 h6 16. Bd2 Bd6 17. a4 Ra8 18. Qe2 Rfe8 19. Qd3 Ne7 20. Nh4 Ned5 21. Nf5
Ng4 22. Qf3 Ndf6 23. Nxd6 Qxd6 24. Bf4 Qd7 25. h3 h5 26. hxg4 hxg4 27. Qd1 c6
28. Be5 c5 29. Bxf6 gxf6 30. dxc5 Qxd1 31. Raxd1 bxa4 32. Bxa4 Re6 33. Rd6 Kg7
34. Bd7 Rxd6 35. cxd6 Rd8 36. Bxg4 Rxd6 37. Rd1 Rb6 38. b4 Rb7 39. Be2 Ra7 40.
Ra1 1-0